000 00445nam a2200181Ia 4500
001 8527
005 20260306160616.0
008 260306t2014||||xx |||||||||||||| ||spa||
041 _aESP
082 _a371.102
_bG63
100 _aGómez Hurtado, Inmaculada
_eAUT
245 0 _aManual de didáctica:
_baprender a enseñar
260 _c2014
300 _a331 páginas :
_c24 cm.
650 _aGEN
654 _aCED
942 _cLIB
_dJUS
_fJUS
_2ddc
_n
999 _c8527
_d8527